[Event "5th Nebesna Sotnya Rapid 2018"]
[Site "Lutsk"]
[Date "2018.02.17"]
[Round "3"]
[White "Polyakov, Maxim"]
[Black "Stupak, Kirill"]
[Result "0-1"]
[WhiteElo "2336"]
[BlackElo "2559"]
[Annotator "TA"]
[PlyCount "43"]
[EventDate "2018.??.??"]
[EventType "swiss"]
[EventCountry "UKR"]
[SourceTitle "playchess.com"]
[Source "ChessBase"]
[SourceQuality "1"]

{[%evp 12,43,0,0,0,0,0,-14,-13,0,3,-10,1,13,25,8,13,0,0,0,0,0,4,0,0,0,0,0,33,12,26,-100,45,30]} 1. e4 e6 2. d4 d5 3. exd5 exd5 4. Nf3 Bg4 5. h3 Bh5 6. c4 {C01: French: Exchange Variation} (6. Qe2+ Qe7 7. Be3 Nc6 8. Nc3 O-O-O 9. O-O-O Nf6 10. g4 Bg6 11. Bg2 Ne4 12. Nxe4 Bxe4 13. a3 g6 14. Rhe1 Bg7 15. Bf1 h5 16. Nd2 Bxd4 17. Nxe4 dxe4 18. Bxd4 Nxd4 19. Qxe4 {0-1 (34) Bacrot,E (2708)-Caruana,F (2808) Paris 2017}) 6... Bb4+ 7. Nc3 {LiveBook: 4 Games} Nf6 8. Be2 {The position is equal.} O-O 9. O-O dxc4 10. Bg5 Nbd7 $146 ({Find the theoretical novelty and annotate with similar games:} 10... Nc6 11. Bxc4 Be7 12. Be3 a6 13. g4 Bg6 14. Ne5 Bb4 15. Nxg6 hxg6 {1-0 (38) Szabo,G (2409)-Kalezic,B (2462) Bucharest 2001}) 11. Bxc4 Nb6 12. Bb3 Qd6 13. g4 Bg6 14. Ne5 Bxc3 15. bxc3 Ne4 $36 {[%mdl 2048] Black fights for an advantage.} 16. Bd2 c5 17. Nxg6 hxg6 18. dxc5 Qxd2 19. cxb6 Qh6 {[#] Strongly threatening ...Ng5.} 20. Kg2 (20. Qd3 $5 {[%cal Rd3e4]} Ng5 21. Kg2 $14) 20... axb6 21. Qf3 (21. Qd3 $11 Qf4 22. Bd5) 21... Nc5 (21... Nd2 $17 22. Qxb7 Qf4) 22. Rad1 {[%mdl 32768] Precision: White = 45%, Black = 51%. . Loss on Time!?} 0-1

[Event "5th Nebesna Sotnya Rapid 2018"]
[Site "Lutsk"]
[Date "2018.02.17"]
[Round "3"]
[White "Yarmysty, Mikhail"]
[Black "Budnikov, Oleg"]
[Result "1/2-1/2"]
[WhiteElo "2308"]
[BlackElo "2422"]
[Annotator "TA"]
[PlyCount "36"]
[EventDate "2018.??.??"]
[EventType "swiss"]
[EventCountry "UKR"]
[SourceTitle "playchess.com"]
[Source "ChessBase"]
[SourceQuality "1"]

{[%evp 12,36,6,2,18,0,9,0,-4,0,23,-22,-16,-15,-12,-22,0,0,0,0,107,6,99,0,15,6,21]} 1. e4 e5 2. Nc3 Nc6 3. Bc4 Nf6 4. d3 Bc5 5. Bg5 h6 6. Bh4 d6 7. Na4 {LiveBook: 20 Games} Qe7 {C28: Vienna Game: 2...Nf6 3 Bc4 Nc6} (7... a6 {keeps more tension.}) (7... Bb6 8. Nxb6 axb6 9. f3 Be6 10. Ne2 Qe7 11. Nc3 Nd4 12. O-O Bxc4 13. dxc4 g5 14. Bf2 Ne6 15. Qd2 {½-½ (49) Van den Doel,E (2551)-Baldauf,M (2407) Wunsiedel 2014}) 8. Nxc5 (8. Nf3 {is more complex.} a6 9. Nxc5 dxc5 10. c3 O-O 11. O-O) 8... dxc5 9. Ne2 g5 10. Bg3 a6 $146 ({Predecessor:} 10... Bd7 11. Qd2 O-O-O 12. f3 Nh5 13. Bf2 {½-½ (44) Margulis,I (2227)-Jones,I (1835) San Francisco 2006}) 11. a4 Be6 {White should prevent ...Bxc4.} 12. Nc3 O-O-O {aiming for ...Bxc4.} 13. b3 h5 {And now ...h4 would win.} 14. h4 g4 15. Qd2 Rd7 {[#]} (15... Kb8 $11) 16. O-O ({White should play} 16. Bb5 $1 $16) 16... Rg8 {[#]} (16... Qd6 $11) 17. a5 (17. Bb5 $1 $16) 17... Nd4 18. Kh1 Rdd8 {Precision: White = 38%, Black = 36%.} 1/2-1/2

[Event "5th Nebesna Sotnya Rapid 2018"]
[Site "Lutsk"]
[Date "2018.02.17"]
[Round "3"]
[White "Galperin, Platon"]
[Black "Vetoshko, Volodymyr"]
[Result "1/2-1/2"]
[WhiteElo "2273"]
[BlackElo "2520"]
[Annotator "TA"]
[PlyCount "75"]
[EventDate "2018.??.??"]
[EventType "swiss"]
[EventCountry "UKR"]
[SourceTitle "playchess.com"]
[Source "ChessBase"]
[SourceQuality "1"]

{[%evp 12,75,9,14,22,20,26,-6,-1,-12,0,-14,0,-9,0,-9,-9,-5,-10,-5,0,-7,0,-8,0,-8,0,0,0,3,14,0,0,0,12,0,0,0,12,12,14,14,7,20,20,0,4,0,54,0,0,0,0,0,0,0,0,0,0,0,0,0,0,0,0,0]} 1. Nf3 Nf6 2. g3 b5 3. Na3 a6 4. Bg2 (4. b3 e6 5. c4 bxc4 6. bxc4 c5 7. Bg2 Bb7 8. Rb1 Bc6 9. O-O Be7 10. d3 O-O 11. Nc2 {½-½ (91) Duda,J (2717)-Georgiev,K (2623) Riadh 2017}) 4... Bb7 5. O-O e6 6. b3 {A05: Réti Opening: 1 Nf3 Nf6} Be7 $146 ({Find the theoretical novelty and annotate with similar games:} 6... c5 7. c4 Qb6 8. Bb2 d5 9. Nc2 Be7 10. cxd5 Bxd5 11. Ne3 Bb7 12. d4 {0-1 (30) Markos,J (2571)-Bartel,M (2601) Prievidza 2009}) 7. c4 {LiveBook: 8 Games} c6 8. Bb2 d5 9. d3 O-O 10. Re1 Qa5 11. Nc2 dxc4 12. dxc4 Rd8 13. Qc1 c5 14. Ne5 Bxg2 15. Kxg2 Qc7 16. Qe3 Nc6 17. Rad1 Nxe5 18. Bxe5 Qc6+ 19. Qf3 Qxf3+ 20. Kxf3 Kf8 21. a4 bxa4 22. bxa4 Ke8 23. Rxd8+ (23. Rb1 {NOTEXT} Nd7 24. Bxg7 f6 25. Kg2 Rab8 26. Red1) 23... Rxd8 24. Rb1 Nd7 25. Bxg7 f6 $1 26. Ne3 Ne5+ 27. Kg2 {And now f4 would win.} Rd2 $1 28. Rb6 Rxe2 29. Rxa6 Kf7 (29... Nd3 $11) 30. Ra7 (30. Bh6 $14) 30... Nd3 $11 {The position is equal.} 31. Ng4 h5 32. Bxf6 hxg4 33. Bxe7 Rxf2+ {KRB-KRN} 34. Kg1 {[#] Hoping for Bxc5+.} Kg6 35. Bxc5 Re2 36. Bb6 Re1+ 37. Kg2 Re2+ 38. Kg1 {Precision: White = 54%, Black = 64%.} 1/2-1/2

[Event "5th Nebesna Sotnya Rapid 2018"]
[Site "Lutsk"]
[Date "2018.02.17"]
[Round "4"]
[White "Bogdanovich, Stanislav"]
[Black "Yarmysty, Mikhail"]
[Result "1-0"]
[WhiteElo "2560"]
[BlackElo "2308"]
[Annotator "TA"]
[PlyCount "97"]
[EventDate "2018.??.??"]
[EventType "swiss"]
[EventCountry "UKR"]
[SourceTitle "playchess.com"]
[Source "ChessBase"]
[SourceQuality "1"]

{[%evp 16,97,37,5,33,26,37,36,27,23,45,0,0,-8,-10,-12,-19,-20,-8,-13,-12,-25,-29,-35,-21,-38,-5,-6,-11,-14,-2,-37,-70,-54,-16,-43,-19,-18,-14,-14,-16,-29,-18,-25,0,0,0,0,16,16,17,14,22,14,21,14,33,39,47,41,46,39,58,0,0,8,63,77,98,84,86,52,162,161,175,174,147,167,197,203,439,401,327,300]} 1. d4 d6 2. e4 Nf6 3. Nc3 e5 4. Nf3 Nbd7 5. Bc4 Be7 6. O-O O-O 7. Re1 c6 8. a4 a5 9. Bg5 {LiveBook: 28 Games} Nb6 {C41: Philidor Defence} (9... h6 10. Be3 Nb6 11. Bb3 Nfd7 12. d5 c5 13. Nd2 Bg5 14. Nb5 Bxe3 15. Rxe3 Nf6 16. Nc4 Nxc4 17. Bxc4 {0-1 (96) Inkiov,V (2461)-Orlov,A (2529) Pruem 2012}) 10. Ba2 $146 ({Find the theoretical novelty and annotate with similar games:} 10. Bb3 Nfd7 11. Be3 exd4 12. Qxd4 Nc5 13. Ba2 Be6 14. Bxe6 fxe6 15. e5 d5 16. Qg4 Nbd7 17. Bh6 {½-½ (30) Gubajdullin,A (2332)-Panchenko,D (2364) Moscow 2013}) 10... Nfd7 11. Be3 exd4 {White is slightly better.} 12. Qxd4 Nc5 13. h3 (13. Rad1 {NOTEXT} Re8 14. h3 Rf8 15. b3 Be6 16. Bb1) 13... Be6 14. Red1 Bxa2 15. Rxa2 Re8 16. Raa1 Nbd7 17. Qc4 Qb6 18. Qa2 Qc7 19. Re1 Bf6 20. Bd4 $1 Ne5 21. Nxe5 Bxe5 22. Qc4 Qb6 23. Bxc5 dxc5 24. Nd1 Qb4 25. Qe2 f5 (25... Bc7 {NOTEXT} 26. c3 Qb3 27. f3 f5 28. Nf2 Bg3) 26. c3 Qxe4 27. Qxe4 fxe4 28. Ne3 b5 29. Kf1 c4 30. Red1 Bf4 31. Ke2 Kf7 32. axb5 cxb5 33. Rd5 {[#] Hoping for Rf5+.} Bxe3 34. Kxe3 $11 {[%mdl 4096] Endgame KRR-KRR} Reb8 $1 35. Kxe4 Ra7 36. Kd4 a4 37. Kc5 Re7 38. Rd2 b4 39. Rxa4 ({Much weaker is} 39. cxb4 $6 Rc7+ 40. Kd6 Rcc8 $11) (39. Kxc4 $5 {[%cal Ra1a4]} bxc3 40. bxc3 $14) 39... bxc3 $1 40. bxc3 Rc7+ (40... Rc8+ $11 41. Kb6 Rb8+ 42. Ka6 Re1) 41. Kd6 $14 Re7 {[#] White must now prevent ...Rd8+.} 42. Rd4 Rd8+ 43. Kc5 Rc7+ (43... Rxd4 $14 44. Kxd4 Re2) 44. Kb6 $18 Rxd4 45. cxd4 {[%cal Bc3d4,Bd4d5][%mdl 32]} ({Don't do} 45. Kxc7 $6 Rd2 $16) 45... Rc8 {...c3 is the strong threat.} 46. Kb7 Re8 47. Rxc4 Re2 $2 (47... Rd8 {is a better defense.} 48. Kb6 Ke6) 48. d5 Rd2 49. Kc6 {Precision: White = 64%, Black = 53%.} 1-0

[Event "5th Nebesna Sotnya Rapid 2018"]
[Site "Lutsk"]
[Date "2018.02.17"]
[Round "4"]
[White "Stupak, Kirill"]
[Black "Kislinsky, Alexey"]
[Result "1/2-1/2"]
[WhiteElo "2559"]
[BlackElo "2407"]
[Annotator "TA"]
[PlyCount "119"]
[EventDate "2018.??.??"]
[EventType "swiss"]
[EventCountry "UKR"]
[SourceTitle "playchess.com"]
[Source "ChessBase"]
[SourceQuality "1"]

{[%evp 28,119,19,8,15,27,18,30,46,-64,-65,-106,-116,-114,-117,-181,-186,-183,-187,-178,-186,-184,-191,-196,-165,-172,-174,-173,-173,-157,-161,-214,-220,-427,-427,-400,-419,-417,-402,-397,-394,-328,-320,-760,-382,-354,-165,-163,-158,-158,-158,-158,-166,-173,-106,-106,-106,-106,0,-121,-106,-121,-106,-121,-106,-121,-106,-106,-106,-106,-106,-106,-106,-106,-106,-106,-106,-106,-106,-106,-106,-106,-106,-106,-106,-106,-106,-121,0,0,0,-106,0,0]} 1. d4 Nf6 2. g3 c5 3. d5 g6 4. Bg2 Bg7 5. c4 d6 6. Nc3 O-O 7. Nf3 Na6 8. O-O Nc7 9. a4 e6 10. h3 exd5 11. cxd5 b6 12. Nd2 Ba6 13. Ndb1 Re8 14. Na3 Qd7 {A62: Modern Benoni: Fianchetto Variation without early ...Nbd7} (14... c4 15. Qc2 Nd7 16. Na2 Nc5 17. Nb4 c3 18. Nxa6 cxb2 19. Bxb2 N7xa6 20. Bxg7 Kxg7 21. Nb5 Qf6 22. Rfb1 {1-0 (31) Kunte,A (2507)-Shivananda,B (2382) Mumbai 2013}) 15. Re1 {LiveBook: 3 Games} Re7 16. e4 Rae8 {White has an edge.} 17. Bf4 Nh5 18. Be3 ({Better is} 18. Bg5 $14) 18... f5 $1 $15 {[%cal Rf5e4]} 19. exf5 {[#]} Nxg3 $1 {[%mdl 512]} 20. fxg6 (20. fxg3 Rxe3) 20... hxg6 21. Qg4 $146 (21. Nab5 $17 {was necessary.}) 21... Qxg4 $19 22. hxg4 Bxc3 $1 23. bxc3 Ne2+ 24. Rxe2 Bxe2 25. Bf4 Bxg4 26. Bxd6 Rd7 27. Nc4 Be2 28. Bxc7 Rxc7 29. Re1 {[#]} (29. d6 {keeps fighting.} Rd7 30. Bc6) 29... Kf8 $1 30. d6 $2 (30. Ne3 Bd3 31. a5) 30... Bxc4 31. Rxe8+ Kxe8 32. dxc7 {[%mdl 4096] Endgame KB-KB} Kd7 33. Be4 g5 34. Kg2 Kxc7 35. Kg3 $2 (35. Bc2) 35... Be6 36. Bd3 Kd6 (36... Bd7 $142 37. Bb5 Bxb5 38. axb5 a5 39. bxa6 b5) 37. f4 gxf4+ 38. Kxf4 Bd7 39. Bc2 Kd5 40. Bb3+ {[#]} c4 (40... Kc6 $1 $19 41. Ke5 a5) 41. Bd1 $17 Kc5 42. Ke3 Kd5 (42... Be6 $17 43. Kf4 Bd7) 43. Kd2 (43. Kf4 $11) 43... Ke4 44. Bc2+ Kf4 45. Bd1 a5 46. Be2 Be6 47. Bh5 Ke5 48. Be8 Kd6 {White must now prevent ...Bd7.} 49. Kc2 Kc5 50. Kb2 Kd5 51. Kc2 Bf5+ 52. Kd2 Be4 53. Kc1 Kc5 54. Bh5 Bc6 55. Bd1 Kd6 56. Kd2 Ke5 57. Be2 Kd5 (57... Bxa4 $17 {Hoping for ...Kd5.} 58. Bxc4 Bd7) 58. Bf3+ $11 Kc5 59. Bd1 (59. Bxc6 $11 {was the only way to keep the balance.} Kxc6 60. Kc1) 59... b5 (59... Bd7 $17 60. Bc2 Kd5) 60. axb5 {Precision: White = 44%, Black = 70%.} 1/2-1/2

[Event "5th Nebesna Sotnya Rapid 2018"]
[Site "Lutsk"]
[Date "2018.02.17"]
[Round "4"]
[White "Omelja, Artem"]
[Black "Razin, Vadim"]
[Result "1/2-1/2"]
[WhiteElo "2445"]
[BlackElo "2377"]
[Annotator "TA"]
[PlyCount "45"]
[EventDate "2018.??.??"]
[EventType "swiss"]
[EventCountry "UKR"]
[SourceTitle "playchess.com"]
[Source "ChessBase"]
[SourceQuality "1"]

{[%evp 17,45,21,33,12,15,15,16,25,26,28,13,28,15,6,37,32,16,34,33,28,80,30,25,18,105,52,47,0,0,0]} 1. d4 e6 2. c4 d5 3. Nf3 Nf6 4. e3 {[%cal Be2e3,Be3e4,Be4e5][%mdl 32]} dxc4 5. Bxc4 a6 6. O-O Be7 7. Qe2 {D26: Queen's Gambit Accepted: 4 e3 e6 5 Bxc5 c5 sidelines} O-O (7... b5 8. Bb3 Bb7 9. Rd1 Nbd7 10. Nc3 O-O 11. e4 b4 12. e5 bxc3 13. exf6 Nxf6 14. bxc3 Nd5 {1-0 (91) Oleksienko,M (2636)-Bortnyk,M (2417) Lvov 2017}) 8. e4 b5 9. Bd3 Bb7 {LiveBook: 4 Games} 10. e5 Nd5 {[%cal Bf6d5,Bd5b4,Bb4c6,Bc6d4][%mdl 32]} 11. Qe4 $146 {[%csl Gd3][%cal Re4h7] [#]} ({Predecessor:} 11. Nc3 Nxc3 12. bxc3 c5 13. Be3 c4 14. Bc2 Qc7 {1-0 (36) Bunyatov,R (1965)-Mukhopadhyay,S (1336) Al Ain 2013}) 11... g6 12. Bh6 Re8 13. Nbd2 Nd7 14. Qg4 c5 15. h4 {[%cal Bh2h4,Bh4h5][%mdl 32]} Nb4 16. Bb1 cxd4 17. a3 Nc6 18. Re1 {[%mdl 1024] White has compensation.} d3 (18... Rc8 $11) 19. h5 Rc8 20. Qg3 Nc5 {[#]} (20... Nf8 $11 {keeps the balance.}) 21. b4 (21. hxg6 $1 $16 fxg6 22. b4) 21... Na4 $14 {Strongly threatening ...Nd4.} 22. Ne4 Nd4 $1 {And now ...Bxe4 would win.} 23. Bxd3 {Precision: White = 63%, Black = 54%.} 1/2-1/2

[Event "5th Nebesna Sotnya Rapid 2018"]
[Site "Lutsk"]
[Date "2018.02.17"]
[Round "4"]
[White "Simantsev, Mikhail"]
[Black "Romaniv, Mykola"]
[Result "1-0"]
[WhiteElo "2418"]
[BlackElo "1855"]
[Annotator "TA"]
[PlyCount "73"]
[EventDate "2018.??.??"]
[EventType "swiss"]
[EventCountry "UKR"]
[SourceTitle "playchess.com"]
[Source "ChessBase"]
[SourceQuality "1"]

{[%evp 12,73,33,29,57,33,79,80,70,72,203,200,202,189,197,195,179,163,189,205,301,308,327,322,342,319,364,342,327,326,500,322,327,334,375,364,406,408,437,408,441,440,473,466,463,460,486,493,482,455,989,916,29990,29991,29991,29992,29992,29992,29992,29993,29993,29994,29994,29995]} 1. d4 Nf6 2. c4 g6 3. Nc3 Bg7 4. e4 d6 5. Nf3 O-O 6. h3 e5 7. d5 {LiveBook: 2946 Games} a6 {E90: King's Indian: Classical: Early deviations and 6 h3} 8. g4 Nbd7 9. Be3 Nc5 {White is better.} 10. Nd2 Bd7 $146 (10... h6 $16 {was necessary.}) ({Predecessor:} 10... a5 11. Be2 Ne8 12. h4 {1-0 (29) Nisipeanu,L (2665)-Meister,P (2411) Germany 2014}) 11. b4 Ncxe4 12. Ndxe4 Nxe4 13. Nxe4 f5 14. Nc3 f4 15. Bd2 Qh4 (15... e4 $142) 16. Ne4 $18 h6 17. Qf3 b5 18. Bd3 c6 19. Rc1 ({Not} 19. Nxd6 e4 $16) 19... cxd5 20. cxd5 Rac8 (20... Qe7 {might work better.} 21. O-O Be8) 21. Kd1 Rxc1+ 22. Kxc1 Qe7 23. Kb1 Bc8 24. Bc2 Bb7 25. Bb3 Rd8 26. Rc1 Rc8 27. Rxc8+ Bxc8 28. a4 {[%cal Ba2a4,Ba4a5][%mdl 32]} Bd7 29. a5 Bf8 30. Qd3 Qh4 {[#]} (30... Bc8 $142 31. Qc2 Qd8) 31. Nxd6 $1 {[%mdl 512]} Qxf2 (31... Bxd6 32. Qxg6+) 32. Qxg6+ {White mates.} Bg7 33. Qf7+ Kh8 34. Qxd7 Qf1+ 35. Bc1 Qe2 36. Qe8+ Kh7 37. Bc2+ {Precision: White = 73%, Black = 14%.} 1-0

[Event "5th Nebesna Sotnya Rapid 2018"]
[Site "Lutsk"]
[Date "2018.02.17"]
[Round "4"]
[White "Mirzoev, Emil"]
[Black "Snigurov, Maxim"]
[Result "*"]
[WhiteElo "2405"]
[BlackElo "2150"]
[Annotator "ChessBase"]
[PlyCount "79"]
[EventDate "2018.??.??"]
[EventType "swiss"]
[EventCountry "UKR"]
[SourceTitle "playchess.com"]
[Source "ChessBase"]
[SourceQuality "1"]
[TimeControl "1200+5"]

1. e4 {[%emt 0:01:39]} e5 {[%emt 0:00:00]} 2. Bc4 {[%emt 0:00:01]} Nf6 {[%emt 0:00:02]} 3. d3 {[%emt 0:00:02]} Nc6 {[%emt 0:00:05]} 4. Nc3 {[%emt 0:00:05]} Bc5 {[%emt 0:00:04]} 5. f4 {[%emt 0:00:02]} exf4 {[%emt 0:00:02]} 6. Bxf4 {[%emt 0:00:05]} d6 {[%emt 0:00:02]} 7. Nf3 {[%emt 0:00:01]} Be6 {[%emt 0:00:01]} 8. Bb3 {[%emt 0:00:26]} Bb6 {[%emt 0:00:10]} 9. Qd2 {[%emt 0:00:53]} Qd7 {[%emt 0:00:02]} 10. Ba4 {[%emt 0:00:26]} O-O-O {[%emt 0:00:20]} 11. d4 {[%emt 0:01:28]} Qe7 {[%emt 0:00:59]} 12. Bxc6 {[%emt 0:00:50]} bxc6 {[%emt 0:00:02]} 13. O-O-O {[%emt 0:00:44]} Ba5 {[%emt 0:00:11]} 14. Qd3 {[%emt 0:00:52]} Bxc3 {[%emt 0:00:39]} 15. Qxc3 {[%emt 0:00:11]} Bg4 {[%emt 0:01:08]} 16. Rhe1 {[%emt 0:00:20]} Qd7 {[%emt 0:00:30]} 17. Bg5 {[%emt 0:00:26]} Rde8 {[%emt 0:01:50]} 18. Bxf6 {[%emt 0:00:14]} gxf6 {[%emt 0:00:01]} 19. Qa5 {[%emt 0:01:08]} Bxf3 {[%emt 0:00:39]} 20. gxf3 {[%emt 0:00:19]} Qh3 {[%emt 0:00:28]} 21. Rd3 {[%emt 0:00:17]} f5 {[%emt 0:00:03]} 22. Qa6+ {[%emt 0:00:14]} Kd7 {[%emt 0:00:02]} 23. Rc3 {[%emt 0:00:47]} Qh6+ 24. Kb1 d5 {[%emt 0:00:12]} 25. e5 {[%emt 0:00:17]} Re6 {[%emt 0:00:01]} 26. Qd3 {[%emt 0:00:49]} Qf4 {[%emt 0:00:30]} 27. Ra3 {[%emt 0:00:37]} Rg8 {[%emt 0:00:24]} 28. Rxa7 {[%emt 0:00:29]} Rg2 {[%emt 0:00:01]} 29. Rd1 {[%emt 0:00:46]} Rxh2 {[%emt 0:00:47]} 30. Qc3 {[%emt 0:00:35]} Re8 {[%emt 0:00:10]} 31. a4 {[%emt 0:00:25]} h5 {[%emt 0:00:30]} 32. Qb4 {[%emt 0:00:33]} Qh6 {[%emt 0:00:08]} 33. a5 {[%emt 0:00:41]} h4 {[%emt 0:00:06]} 34. a6 {[%emt 0:00:03]} Rc8 {[%emt 0:00:11]} 35. Rb7 {[%emt 0:00:36]} h3 {[%emt 0:02:02]} 36. a7 {[%emt 0:00:09]} Rg2 {[%emt 0:00:01]} 37. Rb8 {[%emt 0:00:15]} Rgg8 {[%emt 0:02:58]} 38. a8=Q {[%emt 0:00:14]} h2 {[%emt 0:00:07]} 39. Rxc8 {[%emt 0:00:41]} Rxc8 {[%emt 0:00:06]} 40. Qaa3 {[%emt 0:00:25]} *

[Event "5th Nebesna Sotnya Rapid 2018"]
[Site "Lutsk"]
[Date "2018.02.17"]
[Round "4"]
[White "Reshetkov, Kirill"]
[Black "Sergeev, Vladimir"]
[Result "1/2-1/2"]
[WhiteElo "2392"]
[BlackElo "2445"]
[Annotator "TA"]
[PlyCount "109"]
[EventDate "2018.??.??"]
[EventType "swiss"]
[EventCountry "UKR"]
[SourceTitle "playchess.com"]
[Source "ChessBase"]
[SourceQuality "1"]

{[%evp 9,109,15,9,0,19,10,14,6,12,0,16,8,9,10,21,6,26,32,29,22,64,9,10,8,23,16,136,148,148,148,154,151,200,133,147,134,148,135,145,90,83,83,83,99,82,91,83,89,97,31,31,31,31,31,31,31,31,31,31,31,25,25,27,27,31,31,72,72,72,34,72,47,72,34,34,34,72,72,72,72,72,0,72,72,72,34,72,47,72,47,72,72,72,0,72,34,72,34,34,34,35,34]} 1. b3 d5 2. Bb2 Nf6 3. Nf3 Bg4 4. g3 Nbd7 5. Bg2 e6 {LiveBook: 115 Games} 6. h3 {A06: Réti Opening:1 Nf3 d5} (6. O-O Bd6 7. d3 O-O 8. Nbd2 Qe7 9. a3 e5 10. e4 d4 11. h3 Bh5 12. Nc4 b5 13. Nxd6 Qxd6 14. Qd2 {1-0 (48) Anton Guijarro,D (2666)-Ni,H (2671) Riadh 2017}) 6... Bxf3 7. Bxf3 $146 ({Predecessor:} 7. exf3 Bd6 8. f4 e5 9. fxe5 Bxe5 10. d4 Bd6 11. O-O O-O 12. c4 {½-½ (42) Dumpor,A (2295)-Subasic,I (2258) Neum 2000}) 7... Bd6 8. Bg2 {The position is equal.} c6 9. d3 {[%cal Bd2d3,Bd3d4][%mdl 32]} h5 10. Nd2 a5 11. a3 Qe7 12. e3 Be5 13. d4 Bd6 14. c4 {[%cal Bc2c4,Bc4c5][%mdl 32]} b5 15. e4 (15. O-O $14) 15... dxe4 $1 $11 16. Nxe4 Nxe4 17. Bxe4 Rc8 (17... bxc4 $11 18. bxc4 Rb8) 18. c5 $16 Bb8 19. Qf3 $36 {[%mdl 2048] Keeping Black busy.} e5 20. O-O ({Of course not} 20. Bxc6 $6 exd4+ 21. Kf1 O-O $11) 20... O-O 21. Bxc6 {Hoping for Rfe1.} exd4 22. Bxd7 $1 Qxd7 23. Qxh5 g6 {[#]} 24. Qg4 (24. Qg5 $142 $1) 24... Qxg4 25. hxg4 Rxc5 26. Bxd4 Rd5 27. Bb6 a4 28. bxa4 bxa4 29. Rab1 (29. Rad1 $16 Rb5 30. Bd8) 29... Bd6 $14 30. Rfd1 Rxd1+ 31. Rxd1 Bxa3 {[%mdl 4096] Endgame And now ...Bb2 would win. KRB-KRB} 32. Ra1 Rb8 {...Bb2 is the strong threat.} 33. Rxa3 Rxb6 34. Rxa4 {KR-KR} Rb5 35. Kg2 Kg7 36. Ra3 Rc5 37. f4 Rb5 38. g5 Rb4 39. Re3 Ra4 40. Kf3 Rb4 41. Re4 Rb3+ 42. Kg4 Ra3 43. Rd4 Rb3 44. Kh4 Ra3 45. Kg4 Rb3 46. Rd1 Ra3 47. Rf1 Rb3 48. Rf3 Rb4 49. Re3 Ra4 {[#]} 50. Rb3 $1 Rc4 51. Re3 ({White should try} 51. Rb6 $16) 51... Rb4 (51... Ra4 $11 {remains equal.}) 52. Kf3 Ra4 53. g4 Ra5 54. Kg3 Rb5 55. Rf3 {Precision: White = 38%, Black = 55%.} 1/2-1/2